| 000 | 00615nam a22002057a 4500 | ||
|---|---|---|---|
| 003 | 0 | ||
| 005 | 20230918121654.0 | ||
| 008 | 230918b xxu||||| |||| 00| 0 eng d | ||
| 020 | _a978-1-98467-969-7 | ||
| 050 |
_aQA 76.9 _b.T57 2023 |
||
| 110 | _a3G E-learning | ||
| 245 |
_aAdvance database management systems _c3G E-learning |
||
| 250 | _a3rd edition | ||
| 260 |
_aNew York _b3G E-learning _cc2023 |
||
| 300 |
_aix, 333 pages : _bcol. ill. ; _c26cm. |
||
| 500 | _aDatabase management. | ||
| 504 | _aIncludes bibliographical references and index. | ||
| 650 | _aDatabase management. | ||
| 942 |
_2lcc _cBK |
||
| 999 |
_c365316 _d365316 |
||